00455nam a2200133 i 450000100060000000300090000600500170001500700030003200800410003510000320007624501020010826000870021085200240029781464ES-MaACL20230906174436.0t|041104s1918 sp ||||1| spa d1 aHuarte y Echenique, Amalio.10aDon Fernando Pimentel b: maestrescuela de la Iglesia de Salamanca / cAmalio Huarte y Echenique. aMadrid : b[s.n., c1918] (fTip. de la Revista de Archivos, Bibliotecas y Museos) aES-MaACLj1557-F-18